000 00354nam a2200133Ia 4500
008 230917s9999||||xx |||||||||||||| ||und||
040 _e181117
_aMAIN
041 _aEnglish
082 _a34:363.6 A71A
245 0 _aAir (Prevention and control of pollution) act, 1981
260 _aLucknow
_bEastern Book Company
_c1992
300 _a30 p.
942 _cBK
999 _c232408
_d232408